Statistics for Easy Rap and hip hop songs

Click here to take the quiz!

General Stats

  • This quiz has been taken 133 times
  • The average score is 8 of 15

Answer Stats

SongArtist% Correct
Candy Shop50 Cent
93%
Hit Em Up2pac
91%
Ms.JacksonOutkast
84%
LollipopLil Wayne
83%
BeautifulEminem
66%
No VaselineIce Cube
64%
Where The Hood AtDmx
61%
Shook Ones pt.2mobb Deep
57%
Work OutJ Cole
50%
Cant Tell Me NothingKanye West
50%
VatoSnoop Dogg
44%
OverDrake
43%
Blow my highKendrick Lamar
25%
Till I DieMachine Gun Kelly
11%
The CityThe Game
11%

Score Distribution

Percentile by Number Answered

Percent of People with Each Score

Your Score History

You have not taken this quiz